000 00657nam a2200217 4500
003 OSt
005 20240614013411.0
006 a
008 240614b |||||||| |||| 00| 0 eng d
020 _a9719919230
040 _aDWCL-Main lib.
_cOC
082 _22013 edition
_aFil. 657 G934p 2010
100 _aGuerrero, Pedro P.
245 _aPractical accounting 2 : CPA problems and procedural approaches to solutions /
250 _a2013 edition
260 _aManila :
_bGIC Enterprises & Co.,
_cc2012.
300 _b624 p. ;
_c23 cm.
650 _a1. Accounting, Practical.
700 _aPedro P. Guerrero
942 _2ddc
_n0
_cBK - FIL
_e2013 edition
_kFil.
999 _c667
_d667